000 00600nam a2200205Ii 4500
003 JO-AjNU
008 230606s9999||||xx |||||||||||||| ||und||
020 _a007-123262-1
040 _aJO-AjNU
_beng
_erda
_cJO-AjNU
041 _aeng
050 1 4 _aQA297.P33.2005
100 3 _aPalm,William,
_eauthor
_94119
245 0 0 _aIntroductionTo Matlab 7 For ENGINEERS
264 3 1 _aNewyork:Mcgraw hill,2005
300 _a682p
336 _atext
_btxt
_2rdacontent
337 _aunmediated
_bn
_2rdamedia
338 _avolume
_bnc
_2rdacarrier
650 4 _a Numerical analysis -- Data processing. 
_94120
999 _aE2143
_c2142
_d2142